000 01893nam a22002777a 4500
999 _c58446
_d58446
003 Ge_BSU
005 20220211131711.0
008 220211s2021 ge ||||| |||| 00| 0 geo d
020 _a9789941838576
041 _ageo
080 _a662.959.63 გ-74
100 _aგოჩიტაშვილი, თეიმურაზ
_913530
245 _aნავთობისა და გაზის მოპოვება, გადამუშავება და ტრანსპორტირება /
_cრედაქტორები : ომარ ქუცნაშვილი, არჩილ მაღალაშვილი, ქეთევან გოჩიტაშვილი.
264 _aთბილისი,
_c2021.
300 _a288 გვ.:
_bილ.,
_c25 სმ.
500 _aდაბეჭდილია საქართველოს ნავთობისა და გაზის კორპორაციის დირექტორთა საბჭოს რეკომენდაციითა და მხარდაჭერით
501 _aდანართი გვ. 280-288
504 _aბიბლიოგრ. გვ. 273-279
511 _aეძღვნება თეიმურაზ ჯავახიშვილის და თორნიკე გოცირიძის ხსოვნას
653 _aნავთობისა და გაზის მოპოვება
653 _aნავთობის გადამუშავება
700 _aქუცნაშვილი, ომარ
_eრედაქტორი
_913531
700 _aმაღალაშვილი, არჩილ
_eრედაქტორი
_913532
700 _aგოჩიტაშვილი, ქეთევან
_eრედაქტორი
_94197
942 _2udc
_cBK